Handbook of human rights and criminal justice in India: (Record no. 48992)

MARC details
000 -LEADER
fixed length control field 00971nam a22002417a 4500
005 - DATE AND TIME OF LATEST TRANSACTION
control field 20101206152114.0
008 - FIXED-LENGTH DATA ELEMENTS--GENERAL INFORMATION
fixed length control field 101206t xxu||||| |||| 00| 0 eng d
010 ## - LCCN (DPL NO)
LC control number ENG-101769
020 ## - INTERNATIONAL STANDARD BOOK NUMBER
Terms of availability 425.00
International Standard Book Number 0198069510
020 ## - INTERNATIONAL STANDARD BOOK NUMBER
Terms of availability 9780198069515
International Standard Book Number 425.00
035 ## - SYSTEM CONTROL NUMBER
System control number EN-85302
037 ## - SOURCE OF ACQUISITION
Source of stock number/acquisition DBAD / PUB
040 ## - CATALOGING SOURCE
Original cataloging agency dpl
Language of cataloging Eng
082 14 - DEWEY DECIMAL CLASSIFICATION NUMBER
Classification number 345.5405
245 1# - TITLE STATEMENT
Title Handbook of human rights and criminal justice in India:
Remainder of title the system and procedure /
Statement of responsibility, etc South Asia Human Rights Documentation Centre
250 ## - EDITION STATEMENT
Edition statement 3rd ed
260 ## - PUBLICATION, DISTRIBUTION, ETC. (IMPRINT)
Place of publication, distribution, etc New Delhi
Name of publisher, distributor, etc Oxford University Press
Date of publication, distribution, etc 2010
270 ## - ADDRESS
Address YMCA Library Building, Jai Singh Road
City New Delhi
State or province Delhi
Postal code 110001
300 ## - PHYSICAL DESCRIPTION
Extent xviii, 238p.
Dimensions 24 cm (pbk)
500 ## - GENERAL NOTE
General note Includes bibliographical references & index.
942 ## - ADDED ENTRY ELEMENTS (KOHA)
Institution code [OBSOLETE] dpl
Item type English Books
Source of classification or shelving scheme Dewey Decimal Classification
Classification part 345.5405
Call number suffix HAN
Holdings
Withdrawn status Lost status Source of classification or shelving scheme Damaged status Not for loan Collection code Home library Current library Date acquired Source of acquisition Cost, normal purchase price Total Checkouts Full call number Barcode Date last seen Copy number Cost, replacement price Koha item type
    Dewey Decimal Classification   Not For Loan Non-fiction D.B.Act.Division D.B.Act.Division 06/12/2010 DBAD/PUB 425.00   345.5405 HAN EN-85302 06/12/2010 1 425.00 English Books

© Delhi Public Library
Hit Counter
free hit counter